|
|
|
|
| LEADER |
00000nas a2200000 a 4500 |
| 001 |
ssj0004829 |
| 003 |
WaSeSS |
| 005 |
20200512172242.0 |
| 006 |
m d |
| 007 |
cr n |
| 008 |
020910c19409999mduqr pss 0 a0eng c |
| 010 |
|
|
|a 2005221965
|
| 015 |
|
|
|a GBB423359
|2 bnb
|
| 016 |
7 |
|
|a 2067096-5
|2 DE-600
|
| 016 |
7 |
|
|a 016502157
|2 Uk
|
| 022 |
|
|
|a 2169-1304
|l 0040-5639
|y 0040-5639
|
| 035 |
|
|
|a (WaSeSS)ssj0004829
|
| 040 |
|
|
|a BUF
|b eng
|c BUF
|d OCLCQ
|d ATL
|d OCL
|d OCLCE
|d DLC
|d OCLCQ
|d OCLCO
|d OCLCA
|d OCLCF
|d OCLCO
|d OCLCQ
|d OCLCO
|d OCLCQ
|d NLE
|d OCLCA
|d KSU
|d AU@
|d UKMGB
|d VT2
|d OCL
|d WaSeSS
|
| 042 |
|
|
|a pcc
|a nsdp
|
| 050 |
|
4 |
|a BX801
|b .T45
|
| 082 |
1 |
0 |
|a 230
|2 14
|
| 222 |
|
0 |
|a Theological studies
|b (Online)
|
| 245 |
0 |
0 |
|a Theological studies
|h [electronic resource].
|
| 260 |
|
|
|a Baltimore, Md. :
|b Theological Studies,
|c 1940-
|
| 310 |
|
|
|a Quarterly
|
| 362 |
0 |
|
|a Vol. 1, no. 1 (Feb. 1940)-
|
| 500 |
|
|
|a Title from general information screen (viewed Sept. 10, 2002).
|
| 506 |
|
|
|a License restrictions may limit access.
|
| 538 |
|
|
|a Mode of access: World Wide Web.
|
| 550 |
|
|
|a Published by: Theological Studies, Inc. for the theological faculties of the Society of Jesus in the United States, <1960>-
|
| 588 |
|
|
|a Latest issue consulted: Vol. 63, no. 4 (Dec. 2002) (ATLASerials, viewed Jan. 10, 2005).
|
| 588 |
|
|
|a Latest issue consulted: Vol. 73, issue 2 (June 2012) (EBSCOhost website viewed Aug. 9, 2012).
|
| 610 |
2 |
0 |
|a Jesuits
|v Periodicals.
|
| 610 |
2 |
0 |
|a Catholic Church
|v Periodicals.
|
| 610 |
2 |
6 |
|a Église catholique
|v Périodiques.
|
| 610 |
2 |
7 |
|a Catholic Church.
|2 fast
|0 (OCoLC)fst00531720
|
| 610 |
2 |
7 |
|a Jesuits.
|2 fast
|0 (OCoLC)fst00532143
|
| 650 |
|
0 |
|a Theology
|v Periodicals.
|
| 650 |
|
6 |
|a Théologie
|v Périodiques.
|
| 650 |
|
7 |
|a Theology.
|2 fast
|0 (OCoLC)fst01149559
|
| 650 |
1 |
7 |
|a Theologie.
|2 gtt
|
| 650 |
|
7 |
|a Theologie
|2 gnd
|
| 655 |
|
0 |
|a Electronic journals.
|
| 710 |
2 |
|
|a Jesuits.
|
| 776 |
0 |
8 |
|i Print version:
|t Theological studies
|x 0040-5639
|w (DLC)a 40002920
|w (OCoLC)1767417
|
| 856 |
4 |
0 |
|z Full text available from Research Library: 03/01/1995 to 12/31/2013
|u https://search.proquest.com/publication/37070
|